00414nam a2200181Ia 4500008004100000020001400041050001400055100001800069245002800087245001800115260001500133260001600148260000900164300001400173300002700187300001000214500000800224170918s9999 xx 000 0 und d a59046406x bH513 1987 aHenkes, Kevin aSheila Rae, the brave / cKevin Henkes. aNew York : bScholastic, c1987 aunpaged : bcolored illustration ; c26cm. a440